000
00254nam a2200109Ia 4500
008
230907s9999||||xx |||||||||||||| ||und||
082
_a
150
_b
SIE
100
_a
Siegel, Daniel J.,
_9
116102
245
0
_a
Mind :
300
_a
xiii, 378 pages :
942
_c
BK
999
_c
601052
_d
601052